My creator, my friend : (Record no. 4217)
[ view plain ]
| 000 -LEADER | |
|---|---|
| fixed length control field | 00703pam a2200229 a 4500 |
| 001 - CONTROL NUMBER | |
| control field | 1443228 |
| 003 - CONTROL NUMBER IDENTIFIER | |
| control field | GBCCL |
| 005 - DATE AND TIME OF LATEST TRANSACTION | |
| control field | 20241126110514.0 |
| 008 - FIXED-LENGTH DATA ELEMENTS--GENERAL INFORMATION | |
| fixed length control field | 850911s1986 txu 000 0 eng |
| 010 ## - | |
| -- | 85022794 |
| 020 ## - INTERNATIONAL STANDARD BOOK NUMBER | |
| International Standard Book Number | 0849904587 |
| 040 ## - CATALOGING SOURCE | |
| Original cataloging agency | DLC |
| Transcribing agency | DLC |
| Modifying agency | DLC |
| 050 00 - | |
| -- | BS1235.2 |
| -- | .L33 1986 |
| 082 00 - DEWEY DECIMAL CLASSIFICATION NUMBER | |
| Classification number | 222.1106 |
| Edition information | 19 |
| Item number | LAR |
| 100 1# - MAIN ENTRY--PERSONAL NAME | |
| Personal name | Larson, Bruce, |
| Dates associated with a name | 1925-2008. |
| 9 (RLIN) | 8009 |
| 245 10 - TITLE STATEMENT | |
| Title | My creator, my friend : |
| Remainder of title | the genesis of a relationship / |
| Statement of responsibility, etc. | Bruce Larson. |
| 260 ## - PUBLICATION, DISTRIBUTION, ETC. | |
| Place of publication, distribution, etc. | Waco, Tex. : |
| Name of publisher, distributor, etc. | Word Books, |
| Date of publication, distribution, etc. | c1986. |
| 300 ## - PHYSICAL DESCRIPTION | |
| Extent | 194 p. ; |
| Dimensions | 23 cm. |
| 630 00 - SUBJECT ADDED ENTRY--UNIFORM TITLE | |
| Uniform title | Bible. |
| Name of part/section of a work | Genesis |
| General subdivision | Criticism, interpretation, etc. |
| 9 (RLIN) | 432 |
| 906 ## - LOCAL DATA ELEMENT F, LDF (RLIN) | |
| a | 7 |
| b | cbc |
| c | orignew |
| d | 1 |
| e | ocip |
| f | 19 |
| g | y-gencatlg |
| 942 ## - ADDED ENTRY ELEMENTS (KOHA) | |
| Source of classification or shelving scheme | Dewey Decimal Classification |
| Koha item type | Books |
| Koha issues (borrowed), all copies | 3 |
| Withdrawn status | Lost status | Source of classification or shelving scheme | Damaged status | Not for loan | Home library | Current Library | Shelving location | Date acquired | Total checkouts | Full call number | Barcode | Date last seen | Date last checked out | Copy number | Price effective from | Koha item type |
|---|---|---|---|---|---|---|---|---|---|---|---|---|---|---|---|---|
| Dewey Decimal Classification | GRACE BIBLE COLLEGE | GRACE BIBLE COLLEGE | Biblical Studies | 2018-01-16 | 3 | 222.1106 LAR | 007486 | 2025-05-01 | 2024-09-18 | c.1 | 2018-01-16 | Books |